000 00777nam a2200181 a 4500
008 061003s2004 ||||||||||||||||| || u
050 _aUNO(058)GAOR/59/36
110 _aUnited Nations Economic and Social Affairs (UNESA)
245 1 0 _aReport of the United Nations High Commissioner for Human Rights
_cby United Nations
260 _aNew York:
_bUNO
_c2004
300 _aiii;20p.; ill.
350 _a0.00
490 _aGeneral Assembly Official Records
500 _aGeneral Assembly official records.fifty-ninth session supplement No. 36 (A/59/36)
650 _aRIGHTS
650 _aHUMAN RIGHTS ADVOCACY--UNITED NATIONS
995 _FCBU-MAIN LIBRARY (Kitwe)
_I0.00
_UAVAILABLE
_WJan 30, 2019
_ZInternational Publications
999 _c56172
_d56172